Pedro Almodóvar /

Pedro Almodóvar (Ciudad Real, comunidad de Castilla-La Mancha, 1949), cineasta español. Llega a Madrid a los 17 años de edad y en los años 1970 comienza a rodar películas artesanales en súper 8, entre ellas el largometraje Folle, folleme Tim (1978). Pepi, Luci, Bom y otras chicas del montón (1980),...

Szczegółowa specyfikacja

Zapisane w:
Opis bibliograficzny
1. autor: Boquerini (autor)
Kolejni autorzy: Polo, Juan Carlos (filmografía) (filmografía)
Format: Książka
Język:hiszpański
Wydane: Madrid, España : Ediciones JC, 1989, c1989
Hasła przedmiotowe:
Etykiety: Dodaj etykietę
Nie ma etykietki, Dołącz pierwszą etykiete!

MARC

LEADER 00000nam^a2200000^a^4500
001 000029251
005 20250521000000.0
009 20260310084916.392
020 |a 84-85741-49-8 
037 |a Acervo ITESO - Biblioteca 
041 |a ESP 
082 |a 302. 2350946  |b BOQ 
100 |a Boquerini  |e (autor) 
245 1 0 |a Pedro Almodóvar /  |c Boquerini ; filmografía de J.C. Polo. 
264 4 |a Madrid, España :  |b Ediciones JC,  |c 1989, c1989 
300 |a 159 p. 
336 |a texto  |b txt  |2 rdacontenido 
337 |a sin mediación  |b n  |2 rdamedio 
338 |a volumen  |b nc  |2 rdasoporte 
520 |a Pedro Almodóvar (Ciudad Real, comunidad de Castilla-La Mancha, 1949), cineasta español. Llega a Madrid a los 17 años de edad y en los años 1970 comienza a rodar películas artesanales en súper 8, entre ellas el largometraje Folle, folleme Tim (1978). Pepi, Luci, Bom y otras chicas del montón (1980), filmada con escasos recursos en 16 milímetros, es ampliada a 35 milímetros y la mirada desenfadada y caústica de su autor accede a sectores más amplios del público. Laberinto de pasiones (1982) y Entre tinieblas (1983) le confirman como un cineasta representativo del cambio de mentalidades y la transición política en España y un observador sagaz de la llamada "movida" madrileña. ¿Qué hecho yo para merecer esto? (1984), Matador (1986) y La ley del deseo (1987) demuestran la evolución de su obra, que alcanza pleno reconocimiento internacional con Mujeres al borde de un ataque de nervios (1988): galardonada con la Osella de Oro al mejor guión en el Festival de Venecia y premios de la Academia Europea a la mejor película joven y la mejor actriz y finalista al premio de la Academia Norteamericana a la mejor película en lengua no inglesa. Después del ciclo irregular comprendido entre ¡Atame! (1989) y La flor de mi secreto (1995), Carne trémula (1997) demarca el inicio de la que es considerada la más fructífera y depurada etapa de su filmografía. Todo sobre mi madre (1999, premios a la mejor dirección en el Festival de Cannes, de la Academia Europea a la mejor película y la mejor actriz y de la Academia Norteamericana a la mejor película en lengua no inglesa); Hable con ella (2002, premios de la Academia Europea a la mejor película, dirección y guión y de la Academia Norteamericana al mejor guión original) y Volver (2006, premios al mejor guión y la mejor actriz en el Festival de Cannes y de la Academia Europea a la mejor dirección y la mejor actriz) consolidan su posición como el cineasta español más célebre de su generación. 
545 0 |a Pedro Almodóvar (Ciudad Real, comunidad de Castilla-La Mancha, 1949), cineasta español. Llega a Madrid a los 17 años de edad y en los años 1970 comienza a rodar películas artesanales en súper 8, entre ellas el largometraje Folle, folleme Tim (1978). Pepi, Luci, Bom y otras chicas del montón (1980), filmada con escasos recursos en 16 milímetros, es ampliada a 35 milímetros y la mirada desenfadada y caústica de su autor accede a sectores más amplios del público. Laberinto de pasiones (1982) y Entre tinieblas (1983) le confirman como un cineasta representativo del cambio de mentalidades y la transición política en España y un observador sagaz de la llamada "movida" madrileña. ¿Qué hecho yo para merecer esto? (1984), Matador (1986) y La ley del deseo (1987) demuestran la evolución de su obra, que alcanza pleno reconocimiento internacional con Mujeres al borde de un ataque de nervios (1988): galardonada con la Osella de Oro al mejor guión en el Festival de Venecia y premios de la Academia Europea a la mejor película joven y la mejor actriz y finalista al premio de la Academia Norteamericana a la mejor película en lengua no inglesa. Después del ciclo irregular comprendido entre ¡Atame! (1989) y La flor de mi secreto (1995), Carne trémula (1997) demarca el inicio de la que es considerada la más fructífera y depurada etapa de su filmografía. Todo sobre mi madre (1999, premios a la mejor dirección en el Festival de Cannes, de la Academia Europea a la mejor película y la mejor actriz y de la Academia Norteamericana a la mejor película en lengua no inglesa); Hable con ella (2002, premios de la Academia Europea a la mejor película, dirección y guión y de la Academia Norteamericana al mejor guión original) y Volver (2006, premios al mejor guión y la mejor actriz en el Festival de Cannes y de la Academia Europea a la mejor dirección y la mejor actriz) consolidan su posición como el cineasta español más célebre de su generación. 
649 |a XX 
650 |a Cineastas Españoles 
650 |a Cine Español -  |x Historia y Crítica 
650 |a Cine Español -  |y 1980-1989 
650 |a Cine Español -  |y Siglo XX 
650 |a Almodóvar, Pedro -  |x Tema Principal 
700 |a Polo, Juan Carlos  |e (filmografía) 
910 |a Fondo General 
920 |a Impresos - Libros 
930 |a Colección General 
905 |a 101 
901 |a 0292510100  |b IT1  |c ACC  |i 029251  |u 20250521 
902 |a https://opac.biblio.iteso.mx/vufind/Record/000029251